000 00618nam a22002057a 4500
005 20251108171900.0
008 250721s1993 xx 000 0 ara d
082 1 4 _a811.093/نحو
100 1 _aالنحوي، عدنان علي رضا
245 1 0 _aملحمة الأقصى /
250 _aط2.
264 1 _aالرياض :
_bدار النحوي،
_c1993.
300 _a180 ص.
490 0 _aالىلقاء المؤمنين وبناء الجيل المؤمن
650 1 7 _aالشعر الملحمي
650 1 7 _aالشعر العربي
650 1 7 _aالسعودية
942 _2ddc
_cBK
999 _c65078
_d65078